Statistics for Fictional Leaders

Click here to take the quiz!

General Stats

  • This quiz has been taken 18,660 times
    (18,659 since last reset)
  • The average score is 12 of 22

Answer Stats

GroupLeader% Correct
Fellowship of the RingGandalf
91%
HogwartsAlbus Dumbledore 
89%
CamelotKing Arthur
78%
The SmurfsPapa Smurf
78%
Death EatersLord Voldemort
73%
X-MenProfessor Xavier
71%
MordorSauron
69%
USS Enterprise (original Star Trek)Captain Kirk
67%
Narnia (true king)Aslan
63%
Springfield Nuclear Power PlantMr. Burns
63%
The Merry MenRobin Hood
59%
Teenage Mutant Ninja TurtlesLeonardo / Splinter
58%
The Empire (Star Wars)Palpatine
56%
DecepticonsMegatron
48%
Koopa TroopersBowser
46%
Human Resistance (Terminator)John Connor
46%
The Lost BoysPeter Pan
46%
Panem (The Hunger Games)Coriolanus Snow
43%
The A-TeamHannibal
28%
Powerpuff GirlsBlossom
26%
League of ShadowsRa's al Ghul
20%
CobraCobra Commander
18%

Score Distribution

Percentile by Number Answered

Percent of People with Each Score

Your Score History

You have not taken this quiz since the last reset